[Event "18sen.Bay.EM2006 Schney op"]
[Site "Schloss Schney (25.6.-3.7)"]
[Date "2006.07.02"]
[Round "8.25"]
[White "Kunert, Helmut"]
[Black "Claus, Joachim"]
[Result "0-1"]
[WhiteElo "1480"]
[BlackElo "1765"]
[PlyCount "114"]
[EventDate "2006.07.??"]
[Source "Ganslmayer"]
[SourceDate "2012.12.20"]

1. e4 d5 2. exd5 Nf6 3. Nf3 Nxd5 4. c4 Nf6 5. d4 Bg4 6. Be2 e6 7. Be3 Bb4+ 8.
Nbd2 O-O 9. O-O c6 10. a3 Bd6 11. b4 Nbd7 12. Ng5 Bxe2 13. Qxe2 h6 14. Nge4 Be7
15. f4 Nxe4 16. Nxe4 Nf6 17. Nxf6+ Bxf6 18. Rad1 a6 19. f5 exf5 20. Rxf5 Re8
21. Qf3 Re6 22. Bf2 Qe7 23. d5 cxd5 24. Rfxd5 Qc7 25. c5 Rd8 26. Rxd8+ Bxd8 27.
Qd5 Bf6 28. Qd7 Qc6 29. Qxc6 bxc6 30. Rd6 Kf8 31. Rd3 Ke8 32. Kf1 g6 33. Be1 h5
34. h4 Re4 35. g3 Re6 36. Bd2 Be7 37. Kg2 f6 38. Re3 Rxe3 39. Bxe3 Kd7 40. Kf3
Ke6 41. g4 hxg4+ 42. Kxg4 f5+ 43. Kg3 Bf6 44. Bd2 Be5+ 45. Kf3 Kd5 46. a4 Bf6
47. Be1 Kc4 48. a5 Be5 49. Ke3 Kd5 50. Kf3 Bg7 51. Bd2 Bf6 52. Kg3 Be5+ 53. Kf3
Bc7 54. Ke3 Bg3 55. Kf3 Bxh4 56. Be3 Be1 57. b5 cxb5 0-1

[Event "18sen.Bay.EM2006 Schney op"]
[Site "Schloss Schney (25.6.-3.7)"]
[Date "2006.07.02"]
[Round "8.26"]
[White "Grueneschild, Hildegard"]
[Black "Weczerek, Franz"]
[Result "0-1"]
[WhiteElo "1440"]
[BlackElo "1706"]
[PlyCount "100"]
[EventDate "2006.07.??"]
[Source "Ganslmayer"]
[SourceDate "2012.12.20"]

1. c4 g6 2. Nc3 Bg7 3. g3 e6 4. Bg2 c6 5. d4 d5 6. cxd5 cxd5 7. e3 Bd7 8. Nf3
Nc6 9. O-O a6 10. Bd2 Nge7 11. Na4 O-O 12. Nc5 Bc8 13. Bc3 Nf5 14. Nd3 f6 15.
Nc5 Nd6 16. Re1 b6 17. Nb3 Ne4 18. Nfd2 Nxc3 19. bxc3 Bb7 20. e4 Ne7 21. exd5
Bxd5 22. Nf3 Rc8 23. Rc1 Nf5 24. Bh3 Qd7 25. g4 Nd6 26. Bg2 Bh6 27. Nfd2 Bxg2
28. Kxg2 Nb5 29. Qf3 Qd5 30. c4 Qxf3+ 31. Kxf3 Nxd4+ 32. Nxd4 Bxd2 33. Red1
Bxc1 34. Rxc1 e5 35. Ne2 Rc5 36. Ke3 Rfc8 37. Kd3 b5 38. Kd2 Rxc4 39. Rxc4 Rxc4
40. f3 Kf7 41. Kd3 Ke7 42. h4 Ra4 43. Nc3 Ra3 44. Kd2 b4 45. Ne4 Rxa2+ 46. Kd3
Ra3+ 47. Ke2 b3 48. h5 b2 49. Nd2 Ra1 50. hxg6 hxg6 0-1

[Event "18sen.Bay.EM2006 Schney op"]
[Site "Schloss Schney (25.6.-3.7)"]
[Date "2006.07.02"]
[Round "8.27"]
[White "Schnurr, Anton"]
[Black "Porkristl, Werner"]
[Result "1-0"]
[WhiteElo "1697"]
[BlackElo "1635"]
[PlyCount "69"]
[EventDate "2006.07.??"]
[Source "Ganslmayer"]
[SourceDate "2012.12.20"]

1. d4 d5 2. c3 c6 3. e3 Nf6 4. Be2 e6 5. f4 Ne4 6. Bf3 f5 7. Nd2 Be7 8. Bxe4
dxe4 9. Nh3 Nd7 10. Nc4 Nf6 11. Ne5 Qb6 12. O-O Bd7 13. a4 O-O 14. Ng5 Qd8 15.
b4 Nd5 16. Bd2 Rf6 17. Rb1 Be8 18. c4 Nc7 19. g3 Rh6 20. h4 Bh5 21. Qb3 a6 22.
b5 axb5 23. axb5 Ra3 24. Qb2 cxb5 25. Ra1 Ra6 26. cxb5 Rb6 27. Ba5 Nd5 28. Nc4
Be8 29. Nxb6 Nxb6 30. Rfc1 Rf6 31. Bxb6 Qxb6 32. Ra8 Rf8 33. Rcc8 Bd7 34. Rxf8+
Bxf8 35. Qb4 1-0

[Event "18sen.Bay.EM2006 Schney op"]
[Site "Schloss Schney (25.6.-3.7)"]
[Date "2006.07.02"]
[Round "8.28"]
[White "Reichenbacher, Gerhard"]
[Black "Narr, Irmgard"]
[Result "1/2-1/2"]
[WhiteElo "1716"]
[BlackElo "1513"]
[PlyCount "75"]
[EventDate "2006.07.??"]
[Source "Ganslmayer"]
[SourceDate "2012.12.20"]

1. Nf3 Nf6 2. c4 e6 3. Nc3 b6 4. g3 Bb7 5. Bg2 Be7 6. O-O O-O 7. d4 d6 8. Re1
Nbd7 9. e4 c5 10. Qe2 cxd4 11. Nxd4 Nc5 12. b4 Ncd7 13. f4 Rc8 14. f5 e5 15.
Nb3 a6 16. Bb2 Nb8 17. Nd5 Nxd5 18. cxd5 Nd7 19. Rac1 Bg5 20. Rxc8 Qxc8 21. Bc1
Qd8 22. Be3 Bxe3+ 23. Qxe3 Nf6 24. Bf3 Bc8 25. Rc1 Bd7 26. Qc3 Bb5 27. Qc7 Bd3
28. Nd2 h6 29. Qxd8 Rxd8 30. Rc6 Bb5 31. Rc7 Ne8 32. Rc1 Nf6 33. Kf2 g6 34. g4
g5 35. h3 Ra8 36. Be2 Ba4 37. Ke3 Bd7 38. Nb3 1/2-1/2

[Event "18sen.Bay.EM2006 Schney op"]
[Site "Schloss Schney (25.6.-3.7)"]
[Date "2006.07.02"]
[Round "8.29"]
[White "Baumann, Walter(27)"]
[Black "Karner, Irmgard"]
[Result "1/2-1/2"]
[WhiteElo "1701"]
[BlackElo "1575"]
[PlyCount "54"]
[EventDate "2006.07.??"]
[Source "Ganslmayer"]
[SourceDate "2012.12.20"]

1. d4 Nf6 2. c4 g6 3. Nc3 Bg7 4. e4 d6 5. Nf3 c6 6. Be2 O-O 7. O-O Bg4 8. h3
Bxf3 9. Bxf3 e5 10. d5 c5 11. Qc2 b6 12. a3 Na6 13. Be2 Ne8 14. f4 f6 15. b4
Nec7 16. b5 Nb8 17. fxe5 fxe5 18. Rxf8+ Bxf8 19. Bd2 Nd7 20. Rf1 Bg7 21. Bg4
Nf6 22. Bg5 h6 23. Bxf6 Bxf6 24. Be6+ Kg7 25. Qf2 Qe7 26. Bg4 Rf8 27. g3 Bg5
1/2-1/2

[Event "18sen.Bay.EM2006 Schney op"]
[Site "Schloss Schney (25.6.-3.7)"]
[Date "2006.07.02"]
[Round "8.30"]
[White "Zellner, Erwin"]
[Black "Paulsen, Eckart"]
[Result "1-0"]
[WhiteElo "1613"]
[BlackElo "1646"]
[PlyCount "97"]
[EventDate "2006.07.??"]
[Source "Ganslmayer"]
[SourceDate "2012.12.20"]

1. d4 b6 2. Nf3 e6 3. e3 Bb7 4. Nbd2 Nf6 5. c3 Be7 6. Be2 O-O 7. O-O d5 8. b3
Nbd7 9. Bb2 c5 10. Rc1 Rc8 11. Bd3 a6 12. Qe2 b5 13. Rfe1 c4 14. Bb1 Ne4 15.
bxc4 bxc4 16. Nxe4 dxe4 17. Nd2 Nf6 18. Nxc4 Bd5 19. Nd2 Qb6 20. Nf1 Bc4 21.
Qd2 Rb8 22. Ba1 Ba3 23. Rcd1 Rb7 24. Ng3 Qc6 25. Bc2 Rfb8 26. Rb1 Bb2 27. Nxe4
Nxe4 28. Bxe4 Qxe4 29. Rxb2 Rxb2 30. Bxb2 Bxa2 31. f3 Qb7 32. Re2 Bc4 33. Rf2
a5 34. g3 Qb3 35. Qc1 Qa2 36. Kg2 Qb3 37. Ba3 g6 38. Rb2 Qxb2+ 39. Bxb2 Rb3 40.
f4 Bd5+ 41. Kf2 Rb7 42. c4 Bxc4 43. Qxc4 Rxb2+ 44. Kf3 Rxh2 45. Qa4 Rh5 46. e4
g5 47. Kg4 Rh1 48. Kxg5 h6+ 49. Kf6 1-0

[Event "18sen.Bay.EM2006 Schney op"]
[Site "Schloss Schney (25.6.-3.7)"]
[Date "2006.07.02"]
[Round "8.31"]
[White "Harke, Horst"]
[Black "Ludwig, Ines"]
[Result "1/2-1/2"]
[WhiteElo "1666"]
[BlackElo "1510"]
[PlyCount "124"]
[EventDate "2006.07.??"]
[Source "Ganslmayer"]
[SourceDate "2012.12.20"]

1. d4 d5 2. Nf3 e6 3. e3 Bd6 4. c4 c6 5. Nc3 f5 6. cxd5 exd5 7. Qa4 Nd7 8. h4
Ngf6 9. Ng5 Qe7 10. Bd2 h6 11. Nh3 Ne4 12. Nxe4 fxe4 13. g3 Nf6 14. Nf4 Qf7 15.
Bb4 Ke7 16. Bxd6+ Kxd6 17. Qb4+ Kc7 18. h5 Bg4 19. Be2 Bxe2 20. Kxe2 Rhe8 21.
Rac1 Rad8 22. Qe1 Qd7 23. Kd2 Kb8 24. b4 Qc7 25. Kc2 Qb6 26. Rb1 Qb5 27. Rb2
Kc7 28. Rh4 Ra8 29. Kb1 a5 30. bxa5 Qxa5 31. Qxa5+ Rxa5 32. Ne2 b6 33. Nc1 Rf8
34. Nb3 Ra4 35. Nd2 Nd7 36. Nb3 c5 37. dxc5 bxc5 38. Nd2 Rxf2 39. Rg4 Rf7 40.
Rg6 Rb4 41. Rxb4 cxb4 42. Nb3 Nf6 43. g4 Kd8 44. Nd4 Kd7 45. Kb2 Ne8 46. g5
hxg5 47. Rxg5 Kd6 48. Kb3 Rb7 49. Rg6+ Kd7 50. h6 gxh6 51. Rxh6 Nc7 52. Nf5 Ne6
53. Rh7+ Kc6 54. Rxb7 Kxb7 55. Kxb4 Kb6 56. a4 Ka6 57. Ng3 d4 58. exd4 Nxd4 59.
Nxe4 Nc6+ 60. Kc5 Ka5 61. Nc3 Nb4 62. Kc4 Na2 1/2-1/2

[Event "18sen.Bay.EM2006 Schney op"]
[Site "Schloss Schney (25.6.-3.7)"]
[Date "2006.07.02"]
[Round "8.32"]
[White "Schuster, Herbert"]
[Black "Scheuerlein, Gerhard"]
[Result "0-1"]
[WhiteElo "1608"]
[BlackElo "1684"]
[PlyCount "51"]
[EventDate "2006.07.??"]
[Source "Ganslmayer"]
[SourceDate "2012.12.20"]

1. e4 e6 2. Nf3 d5 3. e5 c5 4. Bb5+ Bd7 5. Bxd7+ Nxd7 6. O-O Ne7 7. c3 Ng6 8.
d4 Be7 9. Be3 O-O 10. Qd2 Qa5 11. g3 f6 12. exf6 Nxf6 13. Ng5 Qa6 14. f4 h6 15.
Nf3 Rac8 16. dxc5 Ne4 17. Qc2 e5 18. b4 exf4 19. Bf2 fxg3 20. Bxg3 Nxg3 21.
hxg3 Ne5 22. Kg2 Nxf3 23. Rxf3 Rxf3 24. Kxf3 Rf8+ 25. Kg2 Qf1+ 26. Kh2 0-1

[Event "18sen.Bay.EM2006 Schney op"]
[Site "Schloss Schney (25.6.-3.7)"]
[Date "2006.07.02"]
[Round "8.33"]
[White "Schmidt, Wolfgang(38)"]
[Black "Klinger, Rudolf++"]
[Result "1-0"]
[WhiteElo "1627"]
[BlackElo "2114"]
[PlyCount "65"]
[EventDate "2006.07.??"]
[Source "Ganslmayer"]
[SourceDate "2012.12.20"]

1. d4 Nf6 2. c4 g6 3. Nc3 d5 4. cxd5 Nxd5 5. e4 Nxc3 6. bxc3 Bg7 7. Rb1 O-O 8.
Bd2 e6 9. Nf3 Nd7 10. Be2 c5 11. h4 Nf6 12. e5 Nd7 13. h5 Re8 14. hxg6 hxg6 15.
Bh6 cxd4 16. Bxg7 Kxg7 17. cxd4 Rh8 18. Rg1 Nb6 19. Qd2 Nd5 20. g3 b6 21. Bd3
Bb7 22. Be2 Rc8 23. Rc1 Rxc1+ 24. Qxc1 Qe7 25. Kf1 Qb4 26. Qd2 Qb1+ 27. Kg2 Qf5
28. Kf1 Qh3+ 29. Ke1 Qh7 30. Nh4 Rc8 31. Rh1 Kf8 32. Bf3 g5 33. Qxg5 1-0

[Event "18sen.Bay.EM2006 Schney op"]
[Site "Schloss Schney (25.6.-3.7)"]
[Date "2006.07.02"]
[Round "8.34"]
[White "Klose, Hans-Peter"]
[Black "Alefs, Heinz"]
[Result "1/2-1/2"]
[WhiteElo "1472"]
[BlackElo "1643"]
[PlyCount "52"]
[EventDate "2006.07.??"]
[Source "Ganslmayer"]
[SourceDate "2012.12.20"]

1. d4 Nf6 2. Nf3 e6 3. Bf4 Be7 4. e3 b6 5. Be2 Bb7 6. O-O O-O 7. h3 d6 8. c3
Nbd7 9. Nbd2 c5 10. Nc4 d5 11. Nce5 Ne4 12. Nxd7 Qxd7 13. Ne5 Qd8 14. Rc1 f6
15. Ng4 h5 16. Nh2 g5 17. Bxh5 Kh8 18. Bg6 Kg7 19. Bxe4 dxe4 20. Bg3 c4 21. f3
f5 22. Be5+ Bf6 23. Bxf6+ Qxf6 24. fxe4 Bxe4 25. Ng4 Qe7 26. Ne5 b5 1/2-1/2

[Event "18sen.Bay.EM2006 Schney op"]
[Site "Schloss Schney (25.6.-3.7)"]
[Date "2006.07.02"]
[Round "8.35"]
[White "Van Bellen, Henk Dr"]
[Black "Erler, Klaus-Juergen"]
[Result "1-0"]
[WhiteElo "1731"]
[BlackElo "1627"]
[PlyCount "28"]
[EventDate "2006.07.??"]
[Source "Ganslmayer"]
[SourceDate "2012.12.20"]

1. Nc3 Nf6 2. e4 d6 3. d4 c6 4. f4 Qa5 5. Qe2 e5 6. dxe5 dxe5 7. Bd2 Bd6 8. Nd5
Qd8 9. Nxf6+ Qxf6 10. f5 b5 11. Nf3 a5 12. Bg5 Bb4+ 13. c3 Bxc3+ 14. bxc3 Qd6
1-0

[Event "18sen.Bay.EM2006 Schney op"]
[Site "Schloss Schney (25.6.-3.7)"]
[Date "2006.07.02"]
[Round "8.36"]
[White "Geisensetter, Kurt"]
[Black "Straesser, Gerda"]
[Result "1/2-1/2"]
[WhiteElo "1644"]
[BlackElo "1539"]
[PlyCount "69"]
[EventDate "2006.07.??"]
[Source "Ganslmayer"]
[SourceDate "2012.12.20"]

1. Nf3 e6 2. c4 d5 3. cxd5 exd5 4. d4 Nf6 5. Nc3 c6 6. e3 Be7 7. Bd3 O-O 8. O-O
Nbd7 9. Bd2 Re8 10. Qc2 h6 11. Rfe1 c5 12. b3 b6 13. Ne5 Bb7 14. Bb5 a6 15. Bd3
b5 16. Nxd7 Qxd7 17. Bf5 Qd6 18. dxc5 Qxc5 19. Rac1 Bc8 20. Qd3 Bxf5 21. Qxf5
Qc8 22. Qxc8 Raxc8 23. Nb1 b4 24. Rxc8 Rxc8 25. Rc1 Rxc1+ 26. Bxc1 Kf8 27. Kf1
Ke8 28. Ke2 Kd7 29. Bb2 Ne8 30. Kd3 Bf6 31. Bd4 Kc6 32. Nd2 Bxd4 33. Kxd4 Nd6
34. f3 Nb5+ 35. Kd3 1/2-1/2

[Event "18sen.Bay.EM2006 Schney op"]
[Site "Schloss Schney (25.6.-3.7)"]
[Date "2006.07.02"]
[Round "8.37"]
[White "Kurz, Leonhard"]
[Black "Melzig, Ernst"]
[Result "1-0"]
[WhiteElo "1634"]
[BlackElo "1362"]
[PlyCount "55"]
[EventDate "2006.07.??"]
[Source "Ganslmayer"]
[SourceDate "2012.12.20"]

1. e4 e5 2. Nc3 Nf6 3. f4 d5 4. fxe5 Nxe4 5. Nf3 Nxc3 6. dxc3 Be6 7. Bf4 h6 8.
Bd3 Bg4 9. Qd2 Bxf3 10. gxf3 Bc5 11. O-O-O O-O 12. Bxh6 g6 13. h4 f5 14. h5 f4
15. Bxf4 Rxf4 16. Qxf4 g5 17. Qf5 Be3+ 18. Kb1 Qd7 19. e6 Qe7 20. Qg6+ Qg7 21.
e7 Qxg6 22. Bxg6 Nd7 23. e8=Q+ Rxe8 24. Bxe8 Nf6 25. Bg6 c5 26. Rde1 d4 27.
cxd4 cxd4 28. c3 1-0

[Event "18sen.Bay.EM2006 Schney op"]
[Site "Schloss Schney (25.6.-3.7)"]
[Date "2006.07.02"]
[Round "8.38"]
[White "Banfelder, Herbert"]
[Black "Jakubowski, Karl++"]
[Result "1-0"]
[WhiteElo "1607"]
[BlackElo "1373"]
[PlyCount "80"]
[EventDate "2006.07.??"]
[Source "Ganslmayer"]
[SourceDate "2012.12.20"]

1. e4 e5 2. f4 Bc5 3. Nf3 exf4 4. d4 Be7 5. Bxf4 d6 6. Bc4 Nf6 7. Nc3 Bg4 8.
O-O O-O 9. Qe1 Nc6 10. a3 Bxf3 11. gxf3 Nxd4 12. Qf2 Ne6 13. Be3 c6 14. Rad1
Qa5 15. Kh1 Qh5 16. Rg1 Nd7 17. f4 Kh8 18. Be2 Qh4 19. Qxh4 Bxh4 20. Rxd6 Rad8
21. f5 Nc7 22. Rgd1 Nb5 23. Rxd7 Rxd7 24. Rxd7 Nxc3 25. bxc3 Be1 26. Bd4 f6 27.
Rxb7 h6 28. Rxa7 Re8 29. Bd3 Bd2 30. a4 Rc8 31. Ra5 Bf4 32. Rc5 Bd6 33. Ra5 Bc7
34. Ra6 Bd6 35. c4 Ba3 36. c5 h5 37. Kg2 Kh7 38. Kf3 Bc1 39. a5 Kh6 40. Rb6 Kg5
1-0

[Event "18sen.Bay.EM2006 Schney op"]
[Site "Schloss Schney (25.6.-3.7)"]
[Date "2006.07.02"]
[Round "8.39"]
[White "Brockhaus, Werner"]
[Black "Philipp, Gerhard"]
[Result "1/2-1/2"]
[WhiteElo "1510"]
[BlackElo "1593"]
[PlyCount "23"]
[EventDate "2006.07.??"]
[Source "Ganslmayer"]
[SourceDate "2012.12.20"]

1. d4 Nf6 2. Nf3 g6 3. e3 Bg7 4. Bd3 O-O 5. O-O d5 6. h3 Nbd7 7. Nbd2 Re8 8.
Re1 e5 9. dxe5 Nxe5 10. Nxe5 Rxe5 11. Nf3 Re7 12. c3 1/2-1/2

[Event "18sen.Bay.EM2006 Schney op"]
[Site "Schloss Schney (25.6.-3.7)"]
[Date "2006.07.02"]
[Round "8.42"]
[White "Bauer, Hermann(31)"]
[Black "Salomon, Heide++"]
[Result "1-0"]
[WhiteElo "1620"]
[BlackElo "1522"]
[PlyCount "87"]
[EventDate "2006.07.??"]
[Source "Ganslmayer"]
[SourceDate "2012.12.20"]

1. Nf3 Nc6 2. b3 d6 3. Bb2 e5 4. d3 Nf6 5. g3 Bg4 6. Nbd2 Qe7 7. Bg2 h6 8. O-O
O-O-O 9. c4 g5 10. a3 Bg7 11. b4 Bxf3 12. Bxf3 Nd4 13. Bg2 Kb8 14. b5 Nd7 15.
e3 Ne6 16. Qf3 Ndc5 17. Qd5 Rc8 18. Ne4 c6 19. Qxd6+ Qxd6 20. Nxd6 Rc7 21. bxc6
bxc6 22. Nf5 Nxd3 23. Nxg7 Nxg7 24. Bc3 f6 25. Rfd1 Nc5 26. Bb4 Nb7 27. Rab1 c5
28. Ba5 Re7 29. Rb2 Kc8 30. Rdb1 Nxa5 31. Rb8+ Kd7 32. Rxh8 Nxc4 33. Rb7+ Ke6
34. Rxe7+ Kxe7 35. Ra8 Kd6 36. Rxa7 Ne6 37. Ra6+ Ke7 38. Bd5 Nd6 39. Ra7+ Kd8
40. Bxe6 c4 41. Rd7+ Ke8 42. Rxd6 Ke7 43. Rc6 c3 44. Bf5 1-0

[Event "18sen.Bay.EM2006 Schney op"]
[Site "Schloss Schney (25.6.-3.7)"]
[Date "2006.07.02"]
[Round "8.43"]
[White "Erdmann, Wolfgang"]
[Black "Von Berg, Hans-Dieter"]
[Result "1-0"]
[WhiteElo "1505"]
[BlackElo "1491"]
[PlyCount "67"]
[EventDate "2006.07.??"]
[Source "Ganslmayer"]
[SourceDate "2012.12.20"]

1. d4 e6 2. c4 d5 3. e3 c6 4. Nf3 Nf6 5. Nc3 Be7 6. Bd2 O-O 7. b3 Nbd7 8. Bd3
Qc7 9. O-O e5 10. dxe5 Nxe5 11. Be2 Bd6 12. h3 h6 13. cxd5 cxd5 14. Nb5 Qe7 15.
Nxd6 Nxf3+ 16. Bxf3 Qxd6 17. Bc3 Rd8 18. Qc2 Be6 19. Bxf6 gxf6 20. Qb2 Qe7 21.
Rfd1 Rd7 22. Rd4 Rad8 23. Rad1 f5 24. Rf4 Kh7 25. Rdd4 Rg8 26. Qb1 Kh8 27. Rh4
Qf6 28. Be2 Qg5 29. Bf3 f6 30. Qd1 Rdg7 31. Qd2 Rc8 32. Rh5 Qg6 33. e4 fxe4 34.
Rxh6+ 1-0

[Event "18sen.Bay.EM2006 Schney op"]
[Site "Schloss Schney (25.6.-3.7)"]
[Date "2006.07.02"]
[Round "8.44"]
[White "Rudolph, Rainer"]
[Black "Wilfert, Eva-Maria"]
[Result "1/2-1/2"]
[WhiteElo "1345"]
[BlackElo "1543"]
[PlyCount "48"]
[EventDate "2006.07.??"]
[Source "Ganslmayer"]
[SourceDate "2012.12.20"]

1. e4 e6 2. d4 d5 3. Nc3 Bb4 4. exd5 exd5 5. Nge2 Ne7 6. a3 Ba5 7. b4 Bb6 8.
Na4 Nd7 9. g3 O-O 10. Bg2 c6 11. Nxb6 Nxb6 12. O-O Nc4 13. Re1 Ng6 14. Nf4 Nxf4
15. Bxf4 Be6 16. Bf1 Nd6 17. Bxd6 Qxd6 18. c3 Rae8 19. Qd2 f5 20. f4 Bf7 21.
Rxe8 Rxe8 22. Re1 Rxe1 23. Qxe1 h5 24. Qe5 Qe6 1/2-1/2

[Event "18sen.Bay.EM2006 Schney op"]
[Site "Schloss Schney (25.6.-3.7)"]
[Date "2006.07.02"]
[Round "8.45"]
[White "Breitfuss, Joachim++"]
[Black "Conitz, Helmut"]
[Result "1-0"]
[WhiteElo "1385"]
[BlackElo "1440"]
[PlyCount "71"]
[EventDate "2006.07.??"]
[Source "Ganslmayer"]
[SourceDate "2012.12.20"]

1. d4 d5 2. c4 dxc4 3. Nf3 c6 4. e3 e6 5. Bxc4 b5 6. Bb3 Bb4+ 7. Bd2 Bxd2+ 8.
Nbxd2 Nf6 9. O-O O-O 10. Rc1 Bb7 11. Re1 Nbd7 12. Bc2 h6 13. e4 Ne8 14. Qe2 Nc7
15. Qd3 g6 16. b4 a5 17. bxa5 Rxa5 18. Bb3 Qe7 19. d5 exd5 20. exd5 Qd6 21. Ne4
Qa3 22. dxc6 Bxc6 23. Rxc6 Ne6 24. Qxd7 Ra7 25. Qd6 Rd8 26. Qxa3 Rxa3 27. Rd6
Rc8 28. Rb6 Nc7 29. Nd6 Rf8 30. Re7 Rxb3 31. axb3 Nd5 32. Rxb5 Nxe7 33. h3 Rd8
34. Rb7 Nc6 35. Nxf7 Rd1+ 36. Kh2 1-0

[Event "18sen.Bay.EM2006 Schney op"]
[Site "Schloss Schney (25.6.-3.7)"]
[Date "2006.07.02"]
[Round "8.46"]
[White "Froeling, Philippa"]
[Black "Ludwig, Karl-Heinz ProfDr"]
[Result "1-0"]
[WhiteElo "1227"]
[BlackElo "1157"]
[PlyCount "64"]
[EventDate "2006.07.??"]
[Source "Ganslmayer"]
[SourceDate "2012.12.20"]

1. Nf3 f5 2. d4 Nf6 3. c4 e6 4. g3 Be7 5. Bg2 c6 6. O-O O-O 7. a3 d5 8. c5 b6
9. b4 Bb7 10. Nbd2 Ba6 11. Re1 Ne4 12. Nxe4 fxe4 13. Ne5 Bc4 14. Nxc4 dxc4 15.
Bxe4 b5 16. a4 a6 17. axb5 cxb5 18. Bxa8 Nd7 19. Rxa6 Rf6 20. Bg5 Rf8 21. Bxe7
Qxe7 22. Bg2 Qf7 23. f4 h6 24. Bh3 Re8 25. e4 g5 26. Qg4 Nf6 27. Qf3 h5 28.
fxg5 Ng4 29. Qxf7+ Kxf7 30. Bxg4 hxg4 31. Rf1+ Kg6 32. Rf6+ Kxg5 1-0

[Event "18sen.Bay.EM2006 Schney op"]
[Site "Schloss Schney (25.6.-3.7)"]
[Date "2006.07.02"]
[Round "8.47"]
[White "Eckstein, Luise"]
[Black "Jurgan, Brigitte"]
[Result "1/2-1/2"]
[WhiteElo "1092"]
[BlackElo "1163"]
[PlyCount "28"]
[EventDate "2006.07.??"]
[Source "Ganslmayer"]
[SourceDate "2012.12.20"]

1. e4 Nc6 2. Nf3 e5 3. d4 d6 4. Bg5 Be7 5. Qd2 Bxg5 6. Nxg5 h6 7. Nf3 Nf6 8.
Nc3 Bg4 9. Be2 Qd7 10. d5 Bxf3 11. Bxf3 Nd4 12. Qd3 Nxf3+ 13. Qxf3 O-O 14. a4
Ng4 1/2-1/2

[Event "18sen.Bay.EM2006 Schney op"]
[Site "Schloss Schney (25.6.-3.7)"]
[Date "2006.07.03"]
[Round "9.10"]
[White "Reimann, Guenther(43)"]
[Black "Muench, Klaus-Norbert Dr"]
[Result "1/2-1/2"]
[WhiteElo "1870"]
[BlackElo "2023"]
[PlyCount "61"]
[EventDate "2006.07.??"]
[Source "Ganslmayer"]
[SourceDate "2012.12.20"]

1. c4 e5 2. d3 f5 3. Nf3 Nc6 4. g3 Nf6 5. Bg2 g6 6. a3 a5 7. b3 Bg7 8. Bb2 d6
9. e3 O-O 10. O-O f4 11. Nbd2 fxg3 12. fxg3 Bh6 13. Re1 Bf5 14. Nf1 Qd7 15. d4
e4 16. N3d2 Rae8 17. Qc2 Bh3 18. Nxe4 Bxg2 19. Nxf6+ Rxf6 20. Kxg2 Qg4 21. Qe2
Qe4+ 22. Kg1 Rf3 23. Qg2 Bxe3+ 24. Kh1 Qf5 25. d5 Rf2 26. Rxe3 Rxg2 27. Rxe8+
Kf7 28. Ne3 Rxb2 29. Nxf5 Kxe8 30. dxc6 gxf5 31. cxb7 1/2-1/2

[Event "18sen.Bay.EM2006 Schney op"]
[Site "Schloss Schney (25.6.-3.7)"]
[Date "2006.07.03"]
[Round "9.32"]
[White "Antusch, Ingrid++"]
[Black "Kurz, Leonhard"]
[Result "0-1"]
[WhiteElo "1446"]
[BlackElo "1634"]
[PlyCount "86"]
[EventDate "2006.07.??"]
[Source "Ganslmayer"]
[SourceDate "2012.12.20"]

1. f4 d5 2. Nf3 c5 3. e3 Nc6 4. d4 Nf6 5. c3 e6 6. Bd3 Be7 7. Nbd2 Bd7 8. Ne5
O-O 9. O-O Nxe5 10. fxe5 Ne8 11. Rf3 f6 12. Bxh7+ Kxh7 13. Rh3+ Kg8 14. Qh5
fxe5 15. Qh7+ Kf7 16. Nf3 Bf6 17. dxe5 Rg8 18. exf6 Qxf6 19. e4 dxe4 20. Bg5
Qf5 21. Qxf5+ exf5 22. Ne5+ Ke6 23. Bf4 Nf6 24. Nc4 Rad8 25. Bc7 Rc8 26. Bg3
Bc6 27. Be5 Rcd8 28. Re1 Bb5 29. Bxf6 Kxf6 30. Ne3 Rd2 31. Nd1 Rgd8 32. Rhe3
Rxd1 33. g4 Rxe1+ 34. Rxe1 g6 35. b3 Rd2 36. c4 Bc6 37. Ra1 e3 38. Kf1 Rxh2 39.
Re1 Rh1+ 40. Ke2 Rxe1+ 41. Kxe1 f4 42. Ke2 Ke5 43. g5 Ke4 0-1

[Event "18sen.Bay.EM2006 Schney op"]
[Site "Schloss Schney (25.6.-3.7)"]
[Date "2006.07.03"]
[Round "9.39"]
[White "Straesser, Gerda"]
[Black "Bauer, Hermann(31)"]
[Result "0-1"]
[WhiteElo "1539"]
[BlackElo "1620"]
[PlyCount "64"]
[EventDate "2006.07.??"]
[Source "Ganslmayer"]
[SourceDate "2012.12.20"]

1. e4 d6 2. d4 Nf6 3. Nc3 g6 4. Nf3 Bg7 5. Be2 O-O 6. O-O b6 7. Re1 a6 8. Bg5
h6 9. Bxf6 Bxf6 10. Qd2 Bg7 11. Rad1 Bb7 12. h3 Nd7 13. Nh2 e6 14. Bf3 Rc8 15.
e5 Bxf3 16. Nxf3 dxe5 17. dxe5 Nb8 18. Qe2 Qe7 19. Rd2 b5 20. Red1 Rcd8 21. a3
Rxd2 22. Rxd2 b4 23. Nb1 bxa3 24. Nxa3 Rd8 25. Rxd8+ Qxd8 26. Qd3 Qd5 27. Qc3
c5 28. Qc4 Nc6 29. Qxa6 Nxe5 30. Nxe5 Bxe5 31. c3 Qd1+ 32. Qf1 Bh2+ 0-1

[Event "18sen.Bay.EM2006 Schney op"]
[Site "Schloss Schney (25.6.-3.7)"]
[Date "2006.07.03"]
[Round "9.7"]
[White "Kahn, Peter"]
[Black "Kraft, Hans(32)"]
[Result "1/2-1/2"]
[WhiteElo "2023"]
[BlackElo "1981"]
[PlyCount "86"]
[EventDate "2006.07.??"]
[Source "Ganslmayer"]
[SourceDate "2012.12.20"]

1. d4 e6 2. e4 d5 3. Nd2 Nf6 4. e5 Nfd7 5. f4 c5 6. c3 cxd4 7. cxd4 Nc6 8. Ndf3
Bb4+ 9. Kf2 Qb6 10. g3 f6 11. Kg2 O-O 12. Bd3 Be7 13. a3 a6 14. b4 Ndb8 15. Be3
Bd7 16. Qc2 f5 17. h3 Be8 18. g4 Bg6 19. Ne2 Nd7 20. Rhe1 Rac8 21. Qb1 a5 22.
b5 Na7 23. a4 Qd8 24. Rc1 Rxc1 25. Bxc1 Nb6 26. Ng3 Qc8 27. g5 Be8 28. Bd2 Nc4
29. Qc2 Nxd2 30. Qxd2 Bb4 31. Qd1 Bd7 32. Rc1 Qb8 33. h4 Rc8 34. Rxc8+ Qxc8 35.
Qc2 Qxc2+ 36. Bxc2 Nc8 37. Kf2 Nb6 38. Bb3 g6 39. Ke2 Kf7 40. Ne1 Bc8 41. Nc2
Be7 42. Nh1 Nd7 43. Nf2 b6 1/2-1/2

[Event "18sen.Bay.EM2006 Schney op"]
[Site "Schloss Schney (25.6.-3.7)"]
[Date "2006.07.03"]
[Round "9.2"]
[White "Fischer, Gerd(41)"]
[Black "Scheipl, Ralf"]
[Result "0-1"]
[WhiteElo "2092"]
[BlackElo "2184"]
[PlyCount "64"]
[EventDate "2006.07.??"]
[Source "Ganslmayer"]
[SourceDate "2012.12.20"]

1. e4 c5 2. Nf3 e6 3. Nc3 Nc6 4. d4 cxd4 5. Nxd4 Qc7 6. Ndb5 Qb8 7. Be3 a6 8.
Nd4 Nf6 9. Qd2 Bb4 10. f3 d5 11. a3 Ba5 12. Nb3 Bxc3 13. Qxc3 dxe4 14. fxe4 O-O
15. Bd3 Ng4 16. Bb6 Bd7 17. O-O-O Qf4+ 18. Kb1 Rac8 19. Rdf1 Qg5 20. h3 Nge5
21. g4 Nxd3 22. Qxd3 Ne5 23. Qg3 Nc4 24. Bd4 Ba4 25. Ka2 Rfd8 26. Qf2 Rc7 27.
Na1 Rcd7 28. Bc3 Bc6 29. h4 Qb5 30. Qf4 e5 31. Qf3 Nd6 32. Rh2 Nxe4 0-1

[Event "18sen.Bay.EM2006 Schney op"]
[Site "Schloss Schney (25.6.-3.7)"]
[Date "2006.07.03"]
[Round "9.3"]
[White "Schmidt, Gerhard(40)"]
[Black "Kunath, Werner"]
[Result "1-0"]
[WhiteElo "2139"]
[BlackElo "1896"]
[PlyCount "103"]
[EventDate "2006.07.??"]
[Source "Ganslmayer"]
[SourceDate "2012.12.20"]

1. d4 Nf6 2. Nf3 d5 3. c4 e6 4. Nc3 Be7 5. Bg5 Nbd7 6. e3 O-O 7. Qc2 h6 8. Bh4
Re8 9. Rd1 c6 10. Bd3 dxc4 11. Bxc4 Nd5 12. Bxe7 Qxe7 13. O-O Nxc3 14. Qxc3 b6
15. e4 Bb7 16. Qe3 Rad8 17. h3 c5 18. d5 exd5 19. Bxd5 Bxd5 20. Rxd5 Nf6 21.
Re5 Qc7 22. Rxe8+ Rxe8 23. e5 Nd5 24. Qe4 Qc6 25. Rd1 Ne7 26. Qc4 b5 27. Qd3
Ng6 28. Qd5 Re6 29. Qxc6 Rxc6 30. g3 Kf8 31. Rd8+ Ke7 32. Rb8 a6 33. h4 Nf8 34.
Kf1 Nd7 35. Rb7 Kd8 36. Ra7 Re6 37. Ra8+ Kc7 38. Ra7+ Kc8 39. b3 g6 40. Ke2
Nxe5 41. Nxe5 Rxe5+ 42. Kd3 Rd5+ 43. Kc3 Rd7 44. Rxa6 Kb7 45. Rf6 h5 46. a4
bxa4 47. bxa4 Rc7 48. Kc4 Kc8 49. a5 Kd8 50. a6 Ke7 51. Rb6 Kd7 52. Rb7 1-0